Weapons of math destruction : how big data increases inequality and threatens democracy /

Bibliographic Details
Main Author: O'Neil, Cathy (Author)
Format: Book
Language:English
Published: New York : Crown, c2016.
Edition:First edition.
Subjects:
Classic Catalogue: View this record in Classic Catalogue
LEADER 02587nam a2200445 i 4500
001 44448
003 BD-DhAAL
005 20250616124759.0
008 250616t2016 nyu b 001 0 eng d
010 |a  2016003900 
020 |a 9780553418835 (softcover) 
020 |a 9780553418811 (hardcover) 
020 |z 9780553418828 (Ebook) 
020 |z 9780451497338 (international edition) 
040 |a DLC  |b eng  |c DLC  |e rda  |d DLC  |d BD-DhAAL 
042 |a pcc 
043 |a n-us--- 
050 0 0 |a QA76.9.B45  |b O64 2016 
082 0 0 |a 005.7  |2 23 
100 1 |a O'Neil, Cathy,  |e author.  |9 58435 
245 1 0 |a Weapons of math destruction :  |b how big data increases inequality and threatens democracy /  |c Cathy O'Neil. 
246 |f Weapons of math destruction 
250 |a First edition. 
260 |a New York :  |b Crown,  |c c2016. 
300 |a 223 pages ;  |c 20 cm 
504 |a Includes bibliographical references (pages 199-222). 
526 |a CSE  |x Annajiat Alim Rasel Senior Lecturer Department of Computer Science and Engineering Course Name : Advanced Syntactic Pattern Recognition (CSE713) 
541 |a Karim International  |e 44448, 44449, 44450 
650 0 |a Big data  |x Social aspects  |z United States.  |9 58436 
650 0 |a Big data  |x Political aspects  |z United States.  |9 58437 
650 0 |a Social indicators  |x Mathematical models  |x Moral and ethical aspects.  |9 58438 
650 0 |a Democracy  |z United States. 
650 0 |a Computer science. 
651 0 |a United States  |x Social conditions  |y 21st century.  |9 58439 
852 |a Ayesha Abed Library  |c General Stacks 
942 |2 ddc  |c BK 
999 |c 47305  |d 47305 
952 |0 0  |1 0  |2 ddc  |4 0  |6 005_700000000000000_ONE  |7 0  |9 77835  |a BRACUL  |b BRACUL  |c GEN  |d 2025-06-02  |e Karim International  |g 930.00  |l 3  |m 7  |o 005.7 ONE  |p 3010044448  |r 2026-05-18  |s 2026-04-16  |t 1  |v 930.00  |w 2025-06-02  |y BK  |x Requisitioned by Annajiat Alim Rasel (Senior Lecturer) for the course named- "Advanced Syntactic Pattern Recognition (CSE713)". 
952 |0 0  |1 0  |2 ddc  |4 0  |6 005_700000000000000_ONE  |7 0  |9 77836  |a BRACUL  |b BRACUL  |c GEN  |d 2025-06-02  |e Karim International  |g 930.00  |l 0  |o 005.7 ONE  |p 3010044449  |r 2025-06-02  |t 2  |v 930.00  |w 2025-06-02  |y BK  |x Requisitioned by Annajiat Alim Rasel (Senior Lecturer) for the course named- "Advanced Syntactic Pattern Recognition (CSE713)". 
952 |0 0  |1 0  |2 ddc  |4 0  |6 005_700000000000000_ONE  |7 0  |9 77837  |a BRACUL  |b BRACUL  |c GEN  |d 2025-06-02  |e Karim International  |g 930.00  |l 1  |m 6  |o 005.7 ONE  |p 3010044450  |r 2025-08-06  |s 2025-06-25  |t 3  |v 930.00  |w 2025-06-02  |y BK  |x Requisitioned by Annajiat Alim Rasel (Senior Lecturer) for the course named- "Advanced Syntactic Pattern Recognition (CSE713)".